Normal view MARC view
  • Mesa Rodríguez, Manuel I.

Entry Nombre Personal

Number of records used in: 1

001 - NUMERO DE CONTROL

  • campo de control: 51326

003 - IDENTIFICADOR DE NUMERO DE CONTROL

  • campo de control: DLC

005 - FECHA Y HORA DE LA ÜLTIMA TRANSACCIÓN

  • campo de control: 20240308093805.0

008 - DATOS DE LONGITUD FIJA

  • campo de control de longitud fija: 001003n| azannaabn |a aaa c

010 ## - NÚMERO DE CONTROL DE LA BIBLIOTECA DEL CONGRESO

  • Número de control LC: no 00080355

035 ## - NUMERO DE CONTROL

  • Número de control: (OCoLC)oca05325245

040 ## - FUENTE DE CATALOGACIÓN

  • Agencia original de catalogación: TNJ
  • Lenguaje de catalogación: spa
  • Description conventions: rda
  • Agencia de transcripción: TNJ
  • Agencia que lo modifica: DLC
  • Agencia que lo modifica: MX-MxUPN

046 ## - FECHAS CON CODIFICACIÓN ESPECIAL

  • Fecha de nacimiento: 1894

100 1# - ENCABEZAMIENTO - NOMBRE PERSONAL

  • Nombre personal: Mesa Rodríguez, Manuel I.
  • Fuller form of name: (Manuel Isaías),
  • Fechas asociadas con el nombre: 1894-

378 ## - FORMA COMPLETA DE NOMBRE PERSONAL

  • Fuller form of personal name: Manuel Isaías

400 1# - VEÁSE - NOMBRE DE PERSONA

  • Control subfield: nnea
  • Personal name: Mesa Rodríguez, Manuel I.
  • Fuller form of name: (Manuel Isaías),
  • Dates associated with a name: b. 1894

400 1# - VEÁSE - NOMBRE DE PERSONA

  • Personal name: Rodríguez, Manuel I. Mesa
  • Fuller form of name: (Manuel Isaías Mesa),
  • Dates associated with a name: 1894-

670 ## - FUENTE EN LA QUE SE LOCALIZARON DATOS

  • Cita de la fuente: El manifiesto de Montecristi, 1950:
  • Información localizada: portada (Manuel I. Mesa Rodríguez)

670 ## - FUENTE EN LA QUE SE LOCALIZARON DATOS

  • Cita de la fuente: OCLC, Oct. 3, 2000
  • Información localizada: (hdg.: Mesa Rodríguez, Manuel Isaías, 1894- ; usage: Manuel I. Mesa Rodríguez)

670 ## - FUENTE EN LA QUE SE LOCALIZARON DATOS

  • Cita de la fuente: La enseñanza de la historia en Cuba, 1951:
  • Información localizada: portada (Manuel I. Mesa Rodríguez)

902 ## - CATALOGADOR

  • Catalogador: Víctor Ruiz/080324